000 00667nam a2200265Ia 4500
005 20260121171158.0
008 008 260114s9999 xx 000 0 eng d
020 _a9783030136864
037 _aEBOOK
040 _aCRL
040 _beng
040 _cCRL
041 _2eng
041 _aeng
084 _qCRL
100 _aEric Miller, Ronald J. Morgan
_91073001
245 0 _aBrazilian Evangelicalism in the Twenty-First Century
260 _bSpringer
260 _bSpringer
260 _c2019
856 _uhttps://link.springer.com/openurl?genre=book&isbn=978-3-030-13686-4
942 _cEBOOK
999 _c1638731
_d1638731